| 000 | 01858nam2a2200361 4500 | ||
|---|---|---|---|
| 001 | RU\NLR\bibl\403863 | ||
| 005 | 20250622165039.0 | ||
| 010 |
_a5-7038-2117-7 _9250 |
||
| 021 |
_aRU _b2003-17034 _9784 |
||
| 035 | _a(NLR Aleph) 000397998 | ||
| 090 |
_a557170 _c557170 |
||
| 100 | _a20030523d2002 |||y0rusy50 ca | ||
| 101 | 0 | _arus | |
| 102 | _aRU | ||
| 105 | _aa ||||||||| | ||
| 200 | 1 | _aАнализ опасностей сложных систем "человек - машина - среда" | |
| 210 |
_d2002 _aБ. м. |
||
| 215 |
_a44,[2] с. _cил. |
||
| 320 | _aБиблиогр. в конце кн. (5 назв.) | ||
| 461 | 0 |
_1001RU\NLR\bibl\411508 _12001#$aНадежность технических систем и техногенный риск$vЧ. 2 _9602442 _aПереездчиков, И. В. _cМ. _d2002 _fИ. В. Переездчиков, О. В. Крышевич _nИзд-во МГТУ _oУчеб. пособие : [Для студентов 4-5 курсов] _tНадежность технических систем и техногенный риск _vЧ. 2 |
|
| 606 | 0 |
_a"Человек-машина-среда", система _jРуководства, пособия и т.п. для высшей школы _91920267 _3RU\NLR\auth\661164698 |
|
| 606 | 0 |
_a"Человек-машина-среда", система _jУчебные издания для высших учебных заведений _91920267 _3RU\NLR\auth\661164698 |
|
| 610 | 0 | _a<Человек и машина>, система - Математические исследования | |
| 675 |
_a62-192(075.8) _v3 _zrus |
||
| 686 |
_a44/81 _2rugasnti |
||
| 686 |
_a30я73 _2rubbk |
||
| 686 | _aЖ17я73-1 | ||
| 801 | 0 |
_aRU _bRKP _c20030523 _gPSBO |
|
| 801 | 1 |
_aRU _bRKP _c20030523 |
|
| 801 | 2 |
_aRU _bNLR _c20030626 _grcr |
|
| 942 | _cBOOK | ||
| 980 | _aNB | ||